دراسات في السيرة النبوية / (Record no. 15964)
[ view plain ]
| 000 -الفاتح | |
|---|---|
| حقل البيانات ثابتة الطول | 00933nam a22002057a 4500 |
| 008 - عناصر البيانات ثابتة الطول - معلومات عامة | |
| حقل البيانات ثابتة الطول | 110906s1958 ua|||||r|||| 00| 0 ara d |
| 082 ## - رقم تصنيف ديوى العشرى | |
| رقم الطبعة | 22 |
| رقم التصنيف | 239 |
| رقم المادة | م ؤ ن |
| 100 ## - المدخل الرئيسى - إسم شخصى | |
| 9 (RLIN) | 16482 |
| الإسم الشخصى | مؤنس ، حسين |
| 245 ## - بيان العنوان | |
| العنوان | دراسات في السيرة النبوية / |
| بيان المسئوليه,etc | حسين مؤنس |
| 260 ## - PUBLICATION, DISTRIBUTION, ETC. (IMPRINT) | |
| مكان الناشر او الموزع | القاهرة : |
| اسم الناشر او الموزع | الزهراء للإعلام العربي، 1988 |
| تاريخ النشر أو التوزيع | 1988 |
| 300 ## - الوصف المادى | |
| التعداد | 326 ص ؛ |
| أبعاد الوعاء | 24 سم |
| 504 ## - تبصرة ببليوجرافية | |
| تبصرة ببليوجرافية,الخ | يشتمل على إرجاعات ببليوجرافية ص 289-307 و كشافات |
| 650 ## - المدخل الاضافى بالموضوع-مصطلح موضوعى | |
| 9 (RLIN) | 8737 |
| مصطلح موضوعي أو اسم جغرافي كعنصر مدخل | غزوات النبى |
| 650 ## - المدخل الاضافى بالموضوع-مصطلح موضوعى | |
| 9 (RLIN) | 13450 |
| مصطلح موضوعي أو اسم جغرافي كعنصر مدخل | السيرة النبوية |
| 650 ## - المدخل الاضافى بالموضوع-مصطلح موضوعى | |
| 9 (RLIN) | 22340 |
| مصطلح موضوعي أو اسم جغرافي كعنصر مدخل | الإسراء والمعراج |
| 650 ## - المدخل الاضافى بالموضوع-مصطلح موضوعى | |
| 9 (RLIN) | 27034 |
| مصطلح موضوعي أو اسم جغرافي كعنصر مدخل | المهاجرون والأنصار |
| 653 ## - مصطلح تكشيفى غير مقيد | |
| Resource For college | |
| 942 ## - عناصر المدخل الإضافي( كوها) | |
| مصدر التصنيف او مخطط الترفيف | Dewey Decimal Classification |
| Koha [default] item type | Book - Borrowing |
| حالة التراجع | حالة الفقد | مصدر التصنيف او خطة الترفيف | حالة تلف | ليس للاعارة | مجموعات كوها | المكان الدائم | المكان الحالي | موقع الترفيف | تاريخ الاكتساب | Source of acquisition | رقم الاستدعاء | الباركود | Date last checked out | Date last seen | مُعار | نوع الوعاء |
|---|---|---|---|---|---|---|---|---|---|---|---|---|---|---|---|---|
| Dewey Decimal Classification | Alef-Baa | Central Library | Central Library | Lower Floor | 06/09/2011 | 239 م ؤ ن | 000024668 | 10/05/2026 | 03/05/2026 | 03/05/2026 | Book - Borrowing |